Debt management in globalised Asia: (Record no. 17055)

MARC details
000 -LEADER
fixed length control field 00822 aa a2200217 4500
008 - FIXED-LENGTH DATA ELEMENTS--GENERAL INFORMATION
fixed length control field 081020t xxu||||| |||| 00| 0 eng d
010 ## - LIBRARY OF CONGRESS CONTROL NUMBER
LC control number ENG-84088
020 ## - INTERNATIONAL STANDARD BOOK NUMBER
International Standard Book Number 8176297534
020 ## - INTERNATIONAL STANDARD BOOK NUMBER
Terms of availability 380.00 (hb)
035 ## - SYSTEM CONTROL NUMBER
System control number EN-67621
082 ## - DEWEY DECIMAL CLASSIFICATION NUMBER
Classification number 336.36095
245 ## - TITLE STATEMENT
Title Debt management in globalised Asia:
Remainder of title challenges and options /
Statement of responsibility, etc edited by P Jegdish Gandhi and M J Joseph
260 ## - PUBLICATION, DISTRIBUTION, ETC. (IMPRINT)
Place of publication, distribution, etc New Delhi
Name of publisher, distributor, etc Deep and Deep Publications
260 ## - PUBLICATION, DISTRIBUTION, ETC. (IMPRINT)
Date of publication, distribution, etc 2006
300 ## - PHYSICAL DESCRIPTION
Extent xx,178p
Dimensions 22cm
500 ## - GENERAL NOTE
General note Includes bibliographical references and index
700 ## - ADDED ENTRY--PERSONAL NAME
Personal name Gandhi, P Jegdish
Titles and other words associated with a name ed
700 ## - ADDED ENTRY--PERSONAL NAME
Personal name Joseph, M J
Titles and other words associated with a name ed
942 ## - ADDED ENTRY ELEMENTS (KOHA)
Source of classification or shelving scheme Dewey Decimal Classification
Koha item type English Books
Classification part 336.36095
Call number suffix DEB
Holdings
Withdrawn status Lost status Source of classification or shelving scheme Damaged status Not for loan Home library Current library Date acquired Cost, normal purchase price Total Checkouts Full call number Barcode Date last seen Copy number Cost, replacement price Price effective from Koha item type
    Dewey Decimal Classification   Not For Loan D.B.Act.Division D.B.Act.Division 23/02/2007 380.00   336.36095 DEB EN-67621 21/10/2008 1 380.00 21/10/2008 English Books

© Delhi Public Library
Hit Counter
free hit counter